000
00330nam a22001337a 4500
003
OSt
008
240717b |||||||| |||| 00| 0 eng d
082
_a
638.1
_b
N28P
100
_a
India Nat Hort Board
245
_a
First National Conference on Beekeeping
260
_a
India Nat Hort Board
300
_a
117+39
942
_2
ddc
_c
RP
999
_c
41439
_d
41439